LIBRARY & INFORMATION CENTRE, KCAET, TAVANUR

ONLINE PUBLIC ACCESS CATALOGUE (OPAC)

Dairy management in india (Record no. 282)

MARC details
000 -LEADER
fixed length control field 00414cam a2200181ua 4500
041 ## - LANGUAGE CODE
Language code of text/sound track or separate title eng
082 ## - DEWEY DECIMAL CLASSIFICATION NUMBER
Classification number 637.14
Item number MAD/DA
100 ## - MAIN ENTRY--AUTHOR NAME
Personal name Madanmohan, C .
245 ## - TITLE STATEMENT
Title Dairy management in india
250 ## - EDITION STATEMENT
Edition statement 1 /
260 ## - PUBLICATION, DISTRIBUTION, ETC. (IMPRINT)
Place of publication New Delhi :
Name of publisher Mittal publications ,
Year of publication 1989.
300 ## - PHYSICAL DESCRIPTION
Number of Pages 320 ; .
942 ## - ADDED ENTRY ELEMENTS (KOHA)
Koha item type Books
Holdings
Withdrawn status Lost status Damaged status Home library Current library Date acquired Full call number Accession Number Koha item type
      KAUAET KAUAET 07/04/2012 637.14 20514 Books
free website counter